LEADER 00723nam a2200169 i 4500 001 000000251736 003 CaOOAMICUS 005 20161130000000.0 008 161130s1852 it u000 u ita u 013 $a230641 040 $aSeMil$bita 245 10$adal 1. gennaio al 30. giugno 1852. 300 $aP. 753-1852. 773 0 $tRaccolta degli atti ufficiali, dei proclami, ec. emanati e pubblicati dalle diverse autorità durante l'i. r. governo civile e militare del Regno Lombardo-veneto.$dMilano : Luigi di Giacomo Pirola $g7$w()12438 850 $aSeMil 852 $aSeMil$W1$xVenegono$y1$m3L VII 26 FA$j202082$B202082$CSeMilBibl$Z2$F214648 $8I 996 $6245$adal 1. gennaio al 30. giugno 1852$9(OLS)http://semarc/title/353943 LEADER 00863nam a2200229 i 4500 001 000000100066 003 CaOOAMICUS 005 20181009125154.0 008 180830s1965 it u000 u ita u 013 $a72218 040 $aSeMil$bita 100 1 $aBonfantini, Mario,$d<1904-1978>.$0(OLS)http://semarc/name/28140 245 10$aStoria della letteratura francese /$cMario Bonfantini. 250 $aEd. f.c. 260 $aMilano :$bArnoldo Mondadori,$c1965. 300 $a526 p. ;$c24 cm 650 4$aLetteratura francese - Storia.$0(OLS)http://semarc/subject/555 850 $aSeMil 852 $aSeMil$W1$xVenegono$y1$m1R VI 11$j246585$B225745$CSeMilBibl$Z2$F225745 $81 996 $6245$aStoria della letteratura francese$9(OLS)http://semarc/title/2517 996 $6260$aMilano :$bArnoldo Mondadori$9(OLS)http://semarc/publisher/46554